| 000 | 01089nam a22003257a 4500 | ||
|---|---|---|---|
| 003 | AR-RoUNA | ||
| 005 | 20260408062853.0 | ||
| 008 | 230817b |||||||| |||| 00| 0 spa d | ||
| 040 |
_aAR-RoUNA _bspa |
||
| 041 | _aspa | ||
| 044 | _aag | ||
| 100 | 0 |
_aAbiega, Luisina _925758 |
|
| 245 |
_a"Casa Guzman" _bBs. As. 2264 - Rosario / _cLuisina Abiega; Manuela Aramburu; tutor Florencia Sacchi |
||
| 250 | _a1a. ed. | ||
| 260 |
_aRosario, Argentina , _c2018 |
||
| 300 |
_a[s.p.] _bgráficos _bplantas _c30x22 cm |
||
| 502 | _aProyecto Final de Carrera -- Facultad de Arquitectura, Planeamiento y Diseño -- Universidad Nacional de Rosario | ||
| 610 | 1 |
_aCátedra Arq. Horacio Panvini _94766 |
|
| 650 |
_aProyectos de arquitectura _91990 |
||
| 650 |
_aViviendas _9570 |
||
| 650 |
_aProyectos de obras _910575 |
||
| 651 | 0 |
_aRosario (Santa Fe, Argentina) _91246 |
|
| 700 |
_aAramburu, Manuela _925759 |
||
| 700 |
_aSacchi, Florencia _etut _923802 |
||
| 908 | _aImp | ||
| 930 | _e0640 | ||
| 942 |
_2udc _cPF |
||
| 945 |
_d2023-09-29 _aMIA |
||
| 980 |
_61 _aMaricel Allasia _8 _gCRON CRON |
||
| 999 |
_c12373 _d12373 |
||